|
|
|
|
| LEADER |
00000nab a2200000 a 4500 |
| 001 |
vtls000167196 |
| 003 |
SK-MaSNL |
| 005 |
20260304213720.0 |
| 008 |
250422c1983 xo 0 slo |
| 015 |
|
|
|a SNBRB19rr/mm-uuuuu
|
| 035 |
|
|
|a CL0177307
|
| 035 |
|
|
|a urn:nbn:sk:snk-ab2qth
|
| 035 |
|
|
|a (urnnbn)urn:nbn:sk:snk:ar-a02th7
|
| 035 |
|
|
|a (uuid)55ebbab3-a4fe-4b17-8c1b-40571fb3f1e9
|
| 040 |
|
|
|a SNKBUCL
|b slo
|c SNKBUCL
|e AACR2
|
| 041 |
0 |
|
|a slo
|
| 044 |
|
|
|a xo
|c SK
|
| 080 |
|
|
|a 621.311.25:621.039
|2 1981
|
| 080 |
|
|
|a 621.039
|2 1981
|
| 080 |
|
|
|a 69.027.5
|2 1981
|
| 080 |
|
|
|a 621.791
|2 1981
|
| 100 |
1 |
|
|a Blažej, Július
|4 aut
|9 1000592
|
| 245 |
1 |
0 |
|a Skúsenosti z výstavby šachty lokalizácie havárie na JE V-2
|c Július Blažej, Ivan Béder
|
| 300 |
|
|
|b Obr. 10. Tb. 1., lit. 4 zázn. v slov., češ.
|
| 650 |
0 |
7 |
|a jadrové elektrárne
|2 snkbucl
|9 15295
|
| 650 |
0 |
7 |
|a šachty
|2 snkbucl
|9 698840
|
| 650 |
0 |
7 |
|a konštrukcie stenové
|2 snkbucl
|9 988463
|
| 655 |
|
7 |
|a články z novín a časopisov
|2 snkbucl
|9 267496
|
| 700 |
1 |
|
|a Béder, Ivan
|4 aut
|9 801678
|
| 773 |
0 |
|
|t Inženýrské stavby
|g Roč. 31, č. 9 (1983), s. 38-44
|
| 850 |
|
|
|a Slovenská národná knižnica
|
| 852 |
|
|
|a Slovenská národná knižnica
|
| 954 |
|
|
|a odborná, vedecká literatúra pôvodná (slovenská)
|2 lita
|
| 957 |
|
|
|a 5211
|
| 958 |
|
|
|a article2022
|
| 958 |
|
|
|a RK
|
| 958 |
|
|
|a OND
|
| 958 |
|
|
|a EUIPO
|
| 992 |
|
|
|a RBX
|
| 999 |
|
|
|c 3137235
|d 3139165
|